00227nam a2200097Ia 4500008004100000041000800041082001200049100001300061245003000074260002500104231212s1967 xx 000 0 und d aeng a660.283 aKvo B.C. aAutomatic Control Systems aDelhibJohn Wec1967